| 000 | 00471nam a2200181Ia 4500 | ||
|---|---|---|---|
| 003 | OSt | ||
| 005 | 20260105122008.0 | ||
| 008 | 008 250505s9999 xx 000 0 eng d | ||
| 037 | _aTextbook | ||
| 040 |
_aFEDL _beng _cFEDL |
||
| 041 |
_aeng _2eng |
||
| 082 | _a370.1, HEN | ||
| 100 |
_aHenderson Stella _9765693 |
||
| 245 | 0 | _aPhilosophy of education | |
| 300 | _a401p. | ||
| 942 |
_cTB _h370.1, HEN _2ddc _n0 |
||
| 999 |
_c1351119 _d1351119 |
||